[Event "3rd Africa-ch"]
[Site "Cairo EGY"]
[Date "2001.09.16"]
[Round "1"]
[White "Abdelnabbi, Imed"]
[Black "Ben Nasser, Khaled"]
[Result "1-0"]
[WhiteElo "2430"]
[BlackElo "2234"]
[EventDate "2001.09.16"]
[PlyCount "154"]

1.e4 e5 2.Nf3 Nc6 3.Bb5 a6 4.Ba4 Nf6 5.O-O Nxe4 6.d4 b5 7.Bb3 d5 8.dxe5 
Be6 9.Nbd2 Be7 10.c3 Nc5 11.Bc2 d4 12.cxd4 Nxd4 13.Nxd4 Qxd4 14.Qe2 O-O 
15.Nf3 Qc4 16.Re1 Qxe2 17.Rxe2 Bc4 18.Rd2 Rad8 19.b3 Rxd2 20.Bxd2 Bd3 21.
Rc1 Bxc2 22.Rxc2 Rd8 23.Kf1 Ne6 24.Rc6 g5 25.h3 h5 26.Be3 a5 27.Ra6 g4 28.
hxg4 hxg4 29.Nh2 g3 30.fxg3 Bb4 31.Ke2 Rd5 32.Nf3 Bc3 33.Bf4 c5 34.Be3 
Bxe5 35.Rxa5 b4 36.Bf2 Bc3 37.Be3 Be5 38.Ra8+ Kg7 39.Bf2 Bc3 40.Rc8 Rd7 
41.Ra8 Rd5 42.Be3 Be5 43.g4 Bf6 44.Ra5 Kg6 45.Ra6 Kg7 46.g3 Be5 47.Bf2 Bf6
48.Ra5 Bd8 49.Ra7 Bf6 50.Ra6 Bg5 51.Rc6 Kf6 52.Bg1 Bh6 53.Bf2 Bg5 54.Ra6 
Kg7 55.Ra7 Kf6 56.Ra8 Kg7 57.Rc8 Bf6 58.Be3 Bc3 59.Ra8 Bf6 60.Ra5 Bd8 61.
Rb5 Bf6 62.Nh4 Bc3 63.Nf5+ Kf6 64.Rb7 Bd4 65.Bf4 Be5 66.Rb6 Bxf4 67.gxf4 
Rd8 68.Ra6 Kg6 69.Ke3 Rd1 70.Nd6 Kg7 71.f5 Nd4 72.Ne8+ Kf8 73.Nf6 Kg7 74.
Nh5+ Kg8 75.Ra8+ Kh7 76.Rf8 Re1+ 77.Kf4 Re7 1-0

[Event "3rd Africa-ch"]
[Site "Cairo EGY"]
[Date "2001.09.16"]
[Round "1"]
[White "Aranov, Yuri"]
[Black "Bouaziz, Slim"]
[Result "1/2-1/2"]
[WhiteElo "2180"]
[BlackElo "2379"]
[EventDate "2001.09.16"]
[PlyCount "100"]

1.d4 Nf6 2.c4 e6 3.Nf3 c5 4.d5 exd5 5.cxd5 g6 6.Nc3 d6 7.e4 Bg7 8.h3 O-O 
9.Bd3 a6 10.a4 Nbd7 11.O-O Qc7 12.Re1 c4 13.Bc2 Rb8 14.Bf4 Ne8 15.a5 b5 
16.axb6 Rxb6 17.Na4 Rb7 18.Be3 Ne5 19.Nd4 Nf6 20.f4 Ned7 21.Nf3 Re8 22.Bd4
Bh6 23.e5 Nxd5 24.exd6 Rxe1+ 25.Qxe1 Qxd6 26.Qe8+ Qf8 27.Qxf8+ Kxf8 28.f5 
Bg7 29.fxg6 hxg6 30.Be4 Bxd4+ 31.Nxd4 N7f6 32.Bf3 Rc7 33.g4 c3 34.g5 cxb2 
35.Nxb2 Bxh3 36.gxf6 Nxf6 37.Rxa6 Kg7 38.Kh2 Bc8 39.Ra5 Ng4+ 40.Kg3 Nh6 
41.Ra4 Nf5+ 42.Nxf5+ Bxf5 43.Rc4 Re7 44.Nd1 Be6 45.Rc3 g5 46.Ne3 f5 47.Nd5
Bxd5 48.Bxd5 Re3+ 49.Rxe3 f4+ 50.Kf3 fxe3 1/2-1/2

[Event "3rd Africa-ch"]
[Site "Cairo EGY"]
[Date "2001.09.16"]
[Round "1"]
[White "Domingos, Catarino"]
[Black "Labib, Ibrahim Hasan"]
[Result "0-1"]
[WhiteElo "2200"]
[BlackElo "2409"]
[EventDate "2001.09.16"]
[PlyCount "104"]

1.e4 c6 2.d4 d5 3.exd5 cxd5 4.c4 Nf6 5.Nc3 e6 6.Nf3 Bb4 7.cxd5 Nxd5 8.Bd2 
Nc6 9.Bd3 Nf6 10.O-O O-O 11.Be3 Be7 12.a3 b6 13.Bc4 Bb7 14.Re1 Na5 15.Be2 
Nd5 16.Bd2 Nxc3 17.bxc3 Qd5 18.Bd3 Nc4 19.Be4 Qd7 20.Ne5 Nxe5 21.Bxb7 Qxb7
22.Rxe5 Bf6 23.Rh5 Rac8 24.a4 Rfd8 25.Qe2 Rd5 26.Qe4 g6 27.Rxd5 exd5 28.
Qf3 Bg7 29.h4 Qd7 30.h5 Rc4 31.a5 b5 32.a6 Ra4 33.Rxa4 bxa4 34.c4 Bxd4 35.
cxd5 f5 36.Bb4 Qb5 37.Ba3 Qb1+ 38.Kh2 Qb3 39.d6 Be5+ 40.Kh3 Qxf3+ 41.gxf3 
Kf7 42.d7 Bf6 43.Bb2 Bd8 44.Bd4 Ke6 45.Bxa7 Kxd7 46.Bc5 Kc6 47.a7 Kb7 48.
hxg6 hxg6 49.f4 Bc7 50.Be3 a3 51.Bc5 a2 52.Bd4 Bb6 0-1

[Event "3rd Africa-ch"]
[Site "Cairo EGY"]
[Date "2001.09.16"]
[Round "1"]
[White "Henni, Mohamed"]
[Black "El-Taher, Fouad"]
[Result "0-1"]
[WhiteElo "2314"]
[BlackElo "2477"]
[EventDate "2001.09.16"]
[PlyCount "208"]

1.e4 e5 2.Nf3 Nc6 3.Bc4 Nf6 4.d3 Be7 5.c3 d6 6.h3 O-O 7.O-O Na5 8.Bb5 a6 
9.Ba4 b5 10.Bc2 c5 11.Nbd2 Re8 12.Re1 Bf8 13.Nf1 h6 14.Ne3 Bb7 15.Nf5 d5 
16.Qe2 Rc8 17.Nh2 c4 18.dxc4 Nxc4 19.Rd1 Qb6 20.exd5 Nxd5 21.Qg4 Kh8 22.
Qh4 Nf4 23.Bxf4 exf4 24.Qxf4 Qc6 25.Nf3 Nxb2 26.Re1 Qf6 27.Rxe8 Rxe8 28.
Qd4 Qxd4 29.cxd4 Nc4 30.Re1 Rd8 31.Be4 Bxe4 32.Rxe4 Nd6 33.Nxd6 Bxd6 34.
Re1 a5 35.Kf1 Rc8 36.Rd1 b4 37.Ke2 a4 38.Kd3 Kg8 39.g3 Kf8 40.Rd2 Rc3+ 41.
Ke2 a3 42.Ne1 b3 43.axb3 Rxb3 44.Nd3 Ke7 45.Rc2 Rb1 46.Ra2 Ke6 47.Kd2 Kd5 
48.Kc3 Rd1 49.Kc2 Rh1 50.Kc3 Rd1 51.Kc2 Rh1 52.Kc3 Rxh3 53.Nb4+ Bxb4+ 54.
Kxb4 Kxd4 55.Rxa3 f5 56.Rf3 g6 57.Kb3 Rh2 58.Kc2 Ke4 59.Re3+ Kd4 60.Rf3 
Ke4 61.Re3+ Kd5 62.Rf3 Ke5 63.Kd2 g5 64.Re3+ Kf6 65.Ke2 h5 66.Ra3 g4 67.
Ke3 h4 68.Ra6+ Kg5 69.gxh4+ Rxh4 70.Ra8 Rh3+ 71.Ke2 Kh4 72.Rh8+ Kg5 73.Ra8
Rb3 74.Kf1 Rb2 75.Kg2 Rd2 76.Ra5 Rb2 77.Rc5 Rb3 78.Ra5 Rf3 79.Rb5 Kh4 80.
Rb8 Ra3 81.Rh8+ Kg5 82.Rb8 Rh3 83.Rb5 Rh5 84.Ra5 Kh4 85.f3 Kg5 86.fxg4 
Kxg4 87.Ra4+ f4 88.Rb4 Ra5 89.Rb2 Ra3 90.Rc2 Rg3+ 91.Kf2 Rh3 92.Rc8 Rh2+ 
93.Kg1 Re2 94.Rg8+ Kf3 95.Rb8 Re1+ 96.Kh2 Kf2 97.Rb2+ Re2 98.Rb1 f3 99.Ra1
Rb2 100.Ra8 Ke3+ 101.Kg1 Rb1+ 102.Kh2 f2 103.Re8+ Kd4 104.Rd8+ Ke5 0-1

[Event "3rd Africa-ch"]
[Site "Cairo EGY"]
[Date "2001.09.16"]
[Round "1"]
[White "Kobese, Watu"]
[Black "Molale, Ofentse"]
[Result "1-0"]
[WhiteElo "2373"]
[BlackElo "2101"]
[EventDate "2001.09.16"]
[PlyCount "103"]

1.e4 e5 2.Nf3 Nf6 3.Nxe5 d6 4.Nf3 Nxe4 5.d4 d5 6.Bd3 Nc6 7.O-O Be7 8.c4 
Nb4 9.Be2 O-O 10.a3 Nc6 11.cxd5 Qxd5 12.Nc3 Nxc3 13.bxc3 Bf5 14.Bf4 Na5 
15.Bxc7 b6 16.Bf4 Rac8 17.Bd2 Be4 18.Qa4 Rc6 19.Ne5 Bxg2 20.Nxc6 Nxc6 21.
Qb5 Qxb5 22.Bxb5 Bxf1 23.Kxf1 Na5 24.Bf4 g5 25.Bg3 Rd8 26.a4 h5 27.Re1 Kf8
28.h3 Nb7 29.Ke2 Nd6 30.Kd3 h4 31.Bh2 Nxb5 32.axb5 Bd6 33.Bxd6+ Rxd6 34.
Rg1 Rg6 35.c4 f5 36.f3 Rg7 37.c5 Ke7 38.Kc4 bxc5 39.dxc5 Ke6 40.Re1+ Kf6 
41.b6 g4 42.fxg4 fxg4 43.Rf1+ Ke5 44.hxg4 Rxg4+ 45.Kb5 axb6 46.cxb6 Rg2 
47.Rb1 Kf4 48.b7 Rg8 49.Rf1+ Kg3 50.Rg1+ Kh2 51.Rxg8 Kh3 52.Rh8 1-0

[Event "3rd Africa-ch"]
[Site "Cairo EGY"]
[Date "2001.09.16"]
[Round "1"]
[White "Lungu, Malupande"]
[Black "Hamdouchi, Hichem"]
[Result "1/2-1/2"]
[WhiteElo "2338"]
[BlackElo "2533"]
[EventDate "2001.09.16"]
[PlyCount "72"]

1.e4 c5 2.Nf3 d6 3.d4 cxd4 4.Nxd4 Nf6 5.Nc3 a6 6.Be2 e5 7.Nb3 Be7 8.Be3 
O-O 9.f3 Be6 10.Qd2 Nbd7 11.O-O-O Rc8 12.g4 Nb6 13.g5 Nh5 14.Kb1 Nc4 15.
Bxc4 Rxc4 16.Nd5 Bxd5 17.Qxd5 Qc7 18.c3 b5 19.Nd2 Rc6 20.Nf1 Nf4 21.Bxf4 
exf4 22.h4 Rc8 23.Nd2 Rc5 24.Qd3 g6 25.Nb3 Re5 26.Qd2 a5 27.Nc1 b4 28.cxb4
Rb8 29.Nd3 Reb5 30.a4 Rxb4 31.Nxb4 Rxb4 32.Rc1 Qd7 33.Qd5 Bf8 34.Qa8 Qxa4 
35.Rc8 Kg7 36.Rxf8 Rxb2+ 1/2-1/2

[Event "3rd Africa-ch"]
[Site "Cairo EGY"]
[Date "2001.09.16"]
[Round "1"]
[White "Simutowe, Amon"]
[Black "Gwaze, Robert"]
[Result "1-0"]
[WhiteElo "2462"]
[BlackElo "2287"]
[EventDate "2001.09.16"]
[PlyCount "47"]

1.d4 Nf6 2.c4 e6 3.Nc3 Bb4 4.e3 b6 5.Ne2 Ba6 6.a3 Be7 7.Nf4 d5 8.Qf3 c6 9.
cxd5 cxd5 10.e4 Nxe4 11.Nxe4 Bxf1 12.Kxf1 dxe4 13.Qxe4 Nd7 14.Be3 O-O 15.
g3 Nf6 16.Qf3 Rc8 17.Kg2 Rc2 18.Rab1 g5 19.Nd3 g4 20.Qd1 Qd5+ 21.Kg1 Rfc8 
22.h3 Qf5 23.Ne1 Rc1 24.Rxc1 1-0

[Event "3rd Africa-ch"]
[Site "Cairo EGY"]
[Date "2001.09.16"]
[Round "1"]
[White "Tissir, Mohamed"]
[Black "Nadir, Samir"]
[Result "1-0"]
[WhiteElo "2383"]
[BlackElo "2190"]
[EventDate "2001.09.16"]
[PlyCount "87"]

1.e4 c6 2.c4 d5 3.exd5 cxd5 4.cxd5 Nf6 5.Nc3 Nxd5 6.Nf3 e6 7.d4 Be7 8.Bd3 
O-O 9.O-O b6 10.Nxd5 exd5 11.Ne5 Ba6 12.Bxa6 Nxa6 13.Qe2 Nb8 14.Qg4 Qc8 
15.Qg3 Qf5 16.Bh6 Bf6 17.Ng4 Bxd4 18.Bxg7 Kxg7 19.Ne3+ Qg6 20.Nf5+ Kh8 21.
Nxd4 Qxg3 22.fxg3 Na6 23.Rae1 Rac8 24.Re5 Nb4 25.a3 Nd3 26.Rxd5 Rfd8 27.
Rxd8+ Rxd8 28.Nc6 Rd6 29.Nxa7 Nxb2 30.Rxf7 Nc4 31.h4 Nxa3 32.Kh2 Nc4 33.
Re7 Rd5 34.g4 Ne5 35.Kh3 Ng6 36.Re4 Rd3+ 37.g3 Rb3 38.Nc6 b5 39.Nd4 Rb1 
40.g5 b4 41.h5 b3 42.Re8+ Kg7 43.Nf5+ Kf7 44.Nd6+ 1-0

[Event "3rd Africa-ch"]
[Site "Cairo EGY"]
[Date "2001.09.17"]
[Round "2"]
[White "Ben Nasser, Khaled"]
[Black "Gwaze, Robert"]
[Result "0-1"]
[WhiteElo "2234"]
[BlackElo "2287"]
[EventDate "2001.09.16"]
[PlyCount "69"]

1.Nf3 Nf6 2.d4 b5 3.g3 Bb7 4.Bg2 e6 5.O-O c5 6.a4 b4 7.c3 Na6 8.Nbd2 Be7 
9.Re1 O-O 10.e4 bxc3 11.bxc3 cxd4 12.cxd4 Nb4 13.Qb3 Rb8 14.Ba3 a5 15.Bf1 
d5 16.e5 Nd7 17.Bb5 Bc6 18.Bxc6 Nxc6 19.Qc3 Nb4 20.Bxb4 Bxb4 21.Qd3 Nb6 
22.h4 Qd7 23.Ng5 g6 24.h5 Nxa4 25.Kg2 Nb2 26.Qc2 Be7 27.Ndf3 h6 28.Nh3 g5 
29.Nh2 Rfc8 30.Qe2 Qb5 31.Qg4 Rc2 32.Nf4 Nd3 33.Rf1 Nxf2 34.Rxf2 Rxf2+ 35.
Kh3 0-1

[Event "3rd Africa-ch"]
[Site "Cairo EGY"]
[Date "2001.09.17"]
[Round "2"]
[White "Hamdouchi, Hichem"]
[Black "Kobese, Watu"]
[Result "1/2-1/2"]
[WhiteElo "2533"]
[BlackElo "2373"]
[EventDate "2001.09.16"]
[PlyCount "98"]

1.e4 e5 2.Nf3 Nf6 3.Nxe5 d6 4.Nf3 Nxe4 5.Bd3 Nc5 6.Be2 d5 7.d4 Ne4 8.O-O 
Bd6 9.c4 c6 10.Nc3 Nxc3 11.bxc3 O-O 12.Rb1 Nd7 13.Bg5 Qc7 14.c5 Bf4 15.Bh4
Re8 16.Bd3 Nf8 17.Bg3 Ng6 18.Ng5 Nf8 19.Qh5 g6 20.Qh4 Bxg3 21.fxg3 f5 22.
g4 Re3 23.Rbd1 f4 24.Nh3 Ne6 25.Qf6 f3 26.Rxf3 Rxf3 27.Qxf3 Bd7 28.Rf1 Rf8
29.Qe3 Rxf1+ 30.Bxf1 Qa5 31.Qd2 Qd8 32.Qe3 Qa5 33.Ng5 Qd8 34.Nxe6 Qe7 35.
g5 Qxe6 36.Qxe6+ Bxe6 37.Bd3 Kf7 38.Kf2 b6 39.a4 Bg4 40.Bc2 Ke6 41.cxb6 
axb6 42.Ke3 Kd6 43.Kf4 Bd7 44.h4 Be8 45.h5 Bf7 46.Bd3 Be8 47.c4 dxc4 48.
Bxc4 gxh5 49.Kf5 b5 1/2-1/2

[Event "3rd Africa-ch"]
[Site "Cairo EGY"]
[Date "2001.09.17"]
[Round "2"]
[White "Kaabi, Mejdi"]
[Black "Aranov, Yuri"]
[Result "1/2-1/2"]
[WhiteElo "2365"]
[BlackElo "2180"]
[EventDate "2001.09.16"]
[PlyCount "64"]

1.d4 d5 2.Nf3 c6 3.c4 e6 4.Qc2 Nf6 5.g3 dxc4 6.Qxc4 b5 7.Qc2 Bb7 8.Bg2 
Nbd7 9.a4 Bb4+ 10.Bd2 a5 11.O-O Be7 12.Rd1 Qb6 13.Na3 O-O 14.e4 Rfc8 15.
Bg5 h6 16.Bxf6 Nxf6 17.Ne5 Rd8 18.Rac1 Rac8 19.Nf3 Bb4 20.Qe2 Ba6 21.Bf1 
Ra8 22.Qe3 bxa4 23.Nc4 Bxc4 24.Bxc4 Bf8 25.Rc2 c5 26.d5 exd5 27.exd5 Re8 
28.Qd3 Rab8 29.Nh4 Re4 30.Nf3 Qb4 31.Kg2 Bd6 32.h3 Rbe8 1/2-1/2

[Event "3rd Africa-ch"]
[Site "Cairo EGY"]
[Date "2001.09.17"]
[Round "2"]
[White "Molale, Ofentse"]
[Black "Henni, Mohamed"]
[Result "0-1"]
[WhiteElo "2101"]
[BlackElo "2314"]
[EventDate "2001.09.16"]
[PlyCount "40"]

1.d4 Nf6 2.c4 g6 3.Nc3 d5 4.Bg5 Ne4 5.Nxe4 dxe4 6.Qd2 Bg7 7.O-O-O h6 8.Be3
c5 9.dxc5 Qxd2+ 10.Rxd2 Be6 11.Rc2 Na6 12.b3 Nb4 13.Rd2 Bc3 14.Rd1 Nxa2+ 
15.Kb1 Nb4 16.Nh3 a5 17.Rc1 Be5 18.Nf4 Bf5 19.Nd5 a4 20.g4 Nxd5 0-1

[Event "3rd Africa-ch"]
[Site "Cairo EGY"]
[Date "2001.09.17"]
[Round "2"]
[White "Nadir, Samir"]
[Black "Domingos, Catarino"]
[Result "1/2-1/2"]
[WhiteElo "2190"]
[BlackElo "2200"]
[EventDate "2001.09.16"]
[PlyCount "66"]

1.c4 Nf6 2.Nc3 e6 3.e4 d6 4.d4 Nbd7 5.Nf3 e5 6.Bg5 Be7 7.Qc2 c6 8.Rd1 Qc7 
9.Be2 O-O 10.O-O Re8 11.Rd2 Bf8 12.Rfd1 h6 13.Bh4 Nh7 14.dxe5 dxe5 15.a3 
a5 16.Na4 Ndf6 17.c5 Bg4 18.Nb6 Rad8 19.b4 Rxd2 20.Rxd2 Rd8 21.Rxd8 Qxd8 
22.Qd3 Qxd3 23.Bxd3 Bxf3 24.gxf3 Ng5 25.Bxg5 hxg5 26.Nc4 axb4 27.axb4 Nd7 
28.Na5 b6 29.cxb6 Bxb4 30.Nxc6 Bd6 31.b7 Nc5 32.Bc4 Nxb7 33.Bd5 Kf8 
1/2-1/2

[Event "3rd Africa-ch"]
[Site "Cairo EGY"]
[Date "2001.09.17"]
[Round "2"]
[White "Rizouk, Aimen"]
[Black "Tissir, Mohamed"]
[Result "1/2-1/2"]
[WhiteElo "2442"]
[BlackElo "2383"]
[EventDate "2001.09.16"]
[PlyCount "31"]

1.e4 e5 2.Nf3 Nc6 3.c3 d5 4.Qa4 Bd7 5.exd5 Nd4 6.Qd1 Nxf3+ 7.Qxf3 Nf6 8.
Bc4 Bd6 9.d3 b5 10.Bb3 Bg4 11.Qe3 O-O 12.Nd2 Be7 13.h3 Bf5 14.Qf3 Bg6 15.
Ne4 Nd7 16.Be3 1/2-1/2

[Event "3rd Africa-ch"]
[Site "Cairo EGY"]
[Date "2001.09.18"]
[Round "3"]
[White "Belkhodja, Slim"]
[Black "Rizouk, Aimen"]
[Result "1-0"]
[WhiteElo "2531"]
[BlackElo "2442"]
[EventDate "2001.09.16"]
[PlyCount "55"]

1.e4 e5 2.Nc3 Nf6 3.Nf3 Nc6 4.Bc4 Bc5 5.d3 d6 6.Bg5 h6 7.Bxf6 Qxf6 8.Nd5 
Qd8 9.c3 a6 10.d4 Ba7 11.dxe5 dxe5 12.Qe2 Bc5 13.O-O-O Bd6 14.Rd2 Na5 15.
Ne3 Qf6 16.Rhd1 O-O 17.Nd5 Qd8 18.Bd3 Be6 19.Kb1 b5 20.g3 c6 21.Ne3 Qf6 
22.Nh4 Bc5 23.Ng4 Bxg4 24.Qxg4 Be7 25.Nf5 Rfd8 26.f4 Bf8 27.fxe5 Qe6 28.
Bc4 1-0

[Event "3rd Africa-ch"]
[Site "Cairo EGY"]
[Date "2001.09.18"]
[Round "3"]
[White "Chahrani, Ibrahim"]
[Black "Nadir, Samir"]
[Result "1-0"]
[WhiteElo "2337"]
[BlackElo "2190"]
[EventDate "2001.09.16"]
[PlyCount "59"]

1.e4 c6 2.d4 d5 3.e5 Bf5 4.h4 h6 5.g4 Be4 6.f3 Bh7 7.e6 Qd6 8.exf7+ Kxf7 
9.Bd3 Bxd3 10.Qxd3 e5 11.Qf5+ Qf6 12.Qxe5 Bd6 13.Qxf6+ Nxf6 14.Ne2 Re8 15.
Kf2 Na6 16.a3 Re7 17.Nbc3 Rae8 18.Ng3 Re6 19.g5 Nd7 20.Nf5 Bf8 21.Bf4 Kg6 
22.Ng3 hxg5 23.hxg5 Bd6 24.Bxd6 Rxd6 25.f4 Nc7 26.Kf3 Kf7 27.Rh7 Nf8 28.
Rxg7+ Kxg7 29.Nf5+ Kg6 30.Nxd6 1-0

[Event "3rd Africa-ch"]
[Site "Cairo EGY"]
[Date "2001.09.18"]
[Round "3"]
[White "Domingos, Catarino"]
[Black "Ben Nasser, Khaled"]
[Result "1/2-1/2"]
[WhiteElo "2200"]
[BlackElo "2234"]
[EventDate "2001.09.16"]
[PlyCount "124"]

1.e4 e5 2.Nf3 Nc6 3.d4 exd4 4.Nxd4 Nf6 5.Nxc6 bxc6 6.e5 Qe7 7.Qe2 Nd5 8.c4
Nb6 9.Nc3 Bb7 10.a4 a5 11.Qe4 Qe6 12.Bd3 Bb4 13.Bd2 O-O-O 14.O-O c5 15.Qe2
Rde8 16.f4 f6 17.Rac1 fxe5 18.fxe5 Rhf8 19.Rxf8 Rxf8 20.b3 g6 21.Be4 Kb8 
22.Bxb7 Kxb7 23.Na2 Re8 24.Nxb4 axb4 25.Qf2 Qe7 26.Qf3+ c6 27.h3 Na8 28.
Qg3 Nc7 29.Bg5 Qe6 30.Rd1 Qf5 31.Bf6 Kc8 32.Rf1 Qe4 33.Rf4 Qc2 34.Rf2 Qd1+
35.Rf1 Qd4+ 36.Kh1 Ne6 37.Qf3 Qd2 38.Rd1 Qf4 39.Qxf4 Nxf4 40.Kg1 Ne2+ 41.
Kf2 Nd4 42.Rd3 Re6 43.Bg7 Nf5 44.Bh8 Nd4 45.g4 Re8 46.Bf6 Re6 47.Bg7 Re7 
48.Bf6 Re6 49.Bh8 Re8 50.Bf6 Re6 51.g5 Nf5 52.Rf3 Kc7 53.Rf4 Re8 54.Re4 
Re6 55.Rf4 Re8 56.Rg4 Nd4 57.h4 Nf5 58.h5 d5 59.exd6+ Nxd6 60.hxg6 hxg6 
61.Rf4 Re4 62.Kf3 Re6 1/2-1/2

[Event "3rd Africa-ch"]
[Site "Cairo EGY"]
[Date "2001.09.18"]
[Round "3"]
[White "Henni, Mohamed"]
[Black "Kaabi, Mejdi"]
[Result "1/2-1/2"]
[WhiteElo "2314"]
[BlackElo "2365"]
[EventDate "2001.09.16"]
[PlyCount "88"]

1.e4 e5 2.Nf3 Nc6 3.Bb5 a6 4.Ba4 Nf6 5.O-O Be7 6.Bxc6 dxc6 7.d3 Nd7 8.Nbd2
O-O 9.Nc4 Bf6 10.a4 Re8 11.b3 Nf8 12.Bb2 Ng6 13.Re1 c5 14.h3 b6 15.Qd2 a5 
16.Rad1 c6 17.Kh2 h6 18.Rg1 Rb8 19.Bc1 Be6 20.Qe1 Bg5 21.Be3 Qf6 22.Qd2 
Bxe3 23.Qxe3 Bd7 24.Rgf1 Nf4 25.Ng1 g5 26.g3 Ng6 27.Qf3 Qxf3 28.Nxf3 f6 
29.Kg2 Be6 30.Ne3 Red8 31.Ng1 b5 32.Ra1 Ra8 33.Ne2 Rd7 34.Nc3 b4 35.Ne2 
Rg7 36.Kh2 Ne7 37.f4 Rf8 38.fxe5 fxe5 39.g4 Ng6 40.Ng3 Rxf1 41.Rxf1 Nf4 
42.Nef5 Rh7 43.Rf3 Kf7 44.Nd6+ Kg6 1/2-1/2

[Event "3rd Africa-ch"]
[Site "Cairo EGY"]
[Date "2001.09.18"]
[Round "3"]
[White "Lungu, Nase"]
[Black "Bouaziz, Slim"]
[Result "1/2-1/2"]
[WhiteElo "2250"]
[BlackElo "2379"]
[EventDate "2001.09.16"]
[PlyCount "55"]

1.Nf3 Nf6 2.c4 g6 3.d4 Bg7 4.Nc3 d5 5.Qb3 dxc4 6.Qxc4 O-O 7.e4 Na6 8.Be2 
c5 9.d5 e6 10.O-O exd5 11.exd5 Re8 12.Rd1 Bf5 13.Bg5 Qb6 14.Na4 Qa5 15.Qb5
Qxb5 16.Bxb5 Bd7 17.Bxd7 Nxd7 18.Nc3 h6 19.Be3 b6 20.Rd2 Rad8 21.Nb5 Nf6 
22.Nxa7 Rxd5 23.Rad1 Nb4 24.a3 Rxd2 25.Bxd2 Nbd5 26.Nb5 g5 27.Bc1 Bf8 28.
Nd2 1/2-1/2

[Event "3rd Africa-ch"]
[Site "Cairo EGY"]
[Date "2001.09.18"]
[Round "3"]
[White "Simutowe, Amon"]
[Black "El-Taher, Fouad"]
[Result "1/2-1/2"]
[WhiteElo "2462"]
[BlackElo "2477"]
[EventDate "2001.09.16"]
[PlyCount "35"]

1.Nf3 Nf6 2.c4 g6 3.Nc3 Bg7 4.e4 d6 5.d4 O-O 6.Be2 c5 7.O-O Nc6 8.d5 Na5 
9.h3 e5 10.Bg5 h6 11.Be3 Kh7 12.Nd2 b6 13.g4 Nd7 14.Kg2 Bf6 15.Nf3 Bg7 16.
Rh1 Nf6 17.Nd2 Ng8 18.a3 1/2-1/2

[Event "3rd Africa-ch"]
[Site "Cairo EGY"]
[Date "2001.09.18"]
[Round "3"]
[White "Tissir, Mohamed"]
[Black "Kobese, Watu"]
[Result "1/2-1/2"]
[WhiteElo "2383"]
[BlackElo "2373"]
[EventDate "2001.09.16"]
[PlyCount "39"]

1.e4 e5 2.Nf3 Nc6 3.Bc4 Nf6 4.d3 Be7 5.O-O O-O 6.Re1 d6 7.c3 Na5 8.Bb5 a6 
9.Ba4 b5 10.Bc2 c5 11.Nbd2 Re8 12.Nf1 h6 13.Ng3 Bf8 14.h3 Nc6 15.d4 Qc7 
16.d5 Na5 17.b3 Bd7 18.Nh2 c4 19.b4 Nb7 20.Qf3 1/2-1/2

[Event "3rd Africa-ch"]
[Site "Cairo EGY"]
[Date "2001.09.19"]
[Round "4"]
[White "Ben Nasser, Khaled"]
[Black "Molale, Ofentse"]
[Result "1-0"]
[WhiteElo "2234"]
[BlackElo "2101"]
[EventDate "2001.09.16"]
[PlyCount "83"]

1.Nf3 Nf6 2.d4 e6 3.g3 c5 4.Bg2 Nc6 5.O-O d5 6.c3 Bd6 7.Nbd2 O-O 8.dxc5 
Bxc5 9.c4 Qe7 10.cxd5 exd5 11.Nb3 Bb6 12.Bf4 Re8 13.Re1 Ne4 14.Nfd4 Nxd4 
15.Nxd4 Qb4 16.Be3 Qxb2 17.Qa4 Be6 18.Rab1 Qc3 19.Rec1 Qa5 20.Qxa5 Bxa5 
21.Nxe6 Rxe6 22.Rxb7 Nc3 23.Bf3 h6 24.Kf1 Ra6 25.a3 Ne4 26.Rd1 Bb6 27.Bxb6
Rxb6 28.Rc7 Rb5 29.Bxe4 dxe4 30.Rdd7 Rf5 31.Re7 a5 32.Rxe4 Rb8 33.Re3 g5 
34.Kg2 Rb6 35.Rcc3 Kg7 36.Rf3 Rxf3 37.Rxf3 a4 38.Rd3 Rb3 39.Kf3 Kg6 40.Ke3
f6 41.Rxb3 axb3 42.Kd3 1-0

[Event "3rd Africa-ch"]
[Site "Cairo EGY"]
[Date "2001.09.19"]
[Round "4"]
[White "Gwaze, Robert"]
[Black "Aranov, Yuri"]
[Result "0-1"]
[WhiteElo "2287"]
[BlackElo "2180"]
[EventDate "2001.09.16"]
[PlyCount "104"]

1.e4 c5 2.Nf3 e6 3.d3 d5 4.Nbd2 Nc6 5.g3 Nf6 6.Bg2 Be7 7.O-O O-O 8.e5 Nd7 
9.Re1 b5 10.Nf1 a5 11.h4 b4 12.N1h2 a4 13.h5 Bb7 14.Bf4 Qb6 15.Qd2 b3 16.
cxb3 axb3 17.a3 Ba6 18.Nh4 Nd4 19.Bg5 Bxg5 20.Qxg5 Qd8 21.Qxd8 Rfxd8 22.
Red1 Rdc8 23.h6 gxh6 24.N2f3 Nc2 25.Rab1 Rab8 26.Bf1 Kg7 27.Rd2 c4 28.dxc4
Bxc4 29.Bxc4 Rxc4 30.Rdd1 Rc5 31.Rd3 d4 32.Nxd4 Nxd4 33.Rxd4 Nxe5 34.Re1 
Nc6 35.Rd2 Ne5 36.Rd4 Nc6 37.Rd2 Ne5 38.Rd4 h5 39.Re3 Nc6 40.Rdd3 Na5 41.
Re4 Rc1+ 42.Kg2 Nc4 43.Rf4 e5 44.Rf5 Rb7 45.Rg5+ Kf8 46.Rd8+ Ke7 47.Rgg8 
Nxb2 48.Nf3 Nc4 49.Ng5 Nd6 50.Rb8 b2 51.Rge8+ Kd7 52.Nxf7 Rxb8 0-1

[Event "3rd Africa-ch"]
[Site "Cairo EGY"]
[Date "2001.09.19"]
[Round "4"]
[White "Hamdouchi, Hichem"]
[Black "Tissir, Mohamed"]
[Result "1-0"]
[WhiteElo "2533"]
[BlackElo "2383"]
[EventDate "2001.09.16"]
[PlyCount "79"]

1.e4 e5 2.Bc4 Nf6 3.d3 Nc6 4.Nf3 Bc5 5.c3 O-O 6.Bb3 d5 7.Qe2 dxe4 8.dxe4 
Qe7 9.Bg5 h6 10.Bh4 a6 11.Nbd2 Be6 12.h3 Bxb3 13.axb3 Qe6 14.b4 Ba7 15.
Bxf6 Qxf6 16.O-O Ne7 17.g3 Ng6 18.Kg2 c6 19.Nc4 Rad8 20.Rfd1 Qe6 21.Na5 
Qe7 22.Nb3 Bb6 23.Rxd8 Rxd8 24.Rd1 Kf8 25.Rxd8+ Qxd8 26.h4 f6 27.h5 Ne7 
28.Nh4 Qd7 29.Nd2 Ba7 30.Ng6+ Nxg6 31.hxg6 Ke7 32.Nf3 Qg4 33.Qd3 Qd7 34.
Qc2 b5 35.Nh4 Kd8 36.Qb3 Bxf2 37.Qg8+ Kc7 38.Qf7 Be3 39.Nf5 Bc1 40.Nxg7 
1-0

[Event "3rd Africa-ch"]
[Site "Cairo EGY"]
[Date "2001.09.19"]
[Round "4"]
[White "Kaabi, Mejdi"]
[Black "Lungu, Nase"]
[Result "0-1"]
[WhiteElo "2365"]
[BlackElo "2250"]
[EventDate "2001.09.16"]
[PlyCount "79"]

1.d4 d5 2.Nf3 Nf6 3.c4 dxc4 4.g3 c5 5.Qa4+ Nc6 6.dxc5 e6 7.Bg2 Qa5+ 8.Qxa5
Nxa5 9.Bd2 Nc6 10.Na3 Bxc5 11.Nxc4 Ne4 12.O-O f6 13.a3 O-O 14.b4 Be7 15.b5
Nxd2 16.Ncxd2 Na5 17.Rfc1 e5 18.Rc2 Bf5 19.e4 Be6 20.Nh4 g6 21.Nf1 Nb3 22.
Rb1 Nd4 23.Rd2 Bxa3 24.Ne3 Rac8 25.Nd5 Kg7 26.h3 Rf7 27.Ra2 Bc5 28.g4 Rd7 
29.Kh2 Bf7 30.Kg3 f5 31.Raa1 fxe4 32.Ne3 Ne2+ 33.Kh2 Be7 34.Nhf5+ gxf5 35.
Nxf5+ Kf6 36.Rxa7 Bc5 37.b6 Nc3 38.Rb2 Rc6 39.h4 Bxb6 40.g5+ 0-1

[Event "3rd Africa-ch"]
[Site "Cairo EGY"]
[Date "2001.09.19"]
[Round "4"]
[White "Kobese, Watu"]
[Black "Abdelnabbi, Imed"]
[Result "1-0"]
[WhiteElo "2373"]
[BlackElo "2430"]
[EventDate "2001.09.16"]
[PlyCount "105"]

1.e4 e5 2.Nf3 Nc6 3.Bb5 a6 4.Ba4 d6 5.Bxc6+ bxc6 6.d4 exd4 7.Nxd4 c5 8.Nf3
g6 9.Nc3 Bg7 10.Bg5 f6 11.Bf4 Rb8 12.b3 Ne7 13.Qd2 g5 14.Be3 h6 15.h4 g4 
16.Ng1 f5 17.O-O-O Bb7 18.Nge2 Ng6 19.exf5 Nxh4 20.Nf4 Nxf5 21.Nh5 Be5 22.
Bf4 Bxg2 23.Rhe1 O-O 24.Bxh6 Qh4 25.Bxf8 Rxf8 26.Nf4 Bf3 27.Rxe5 dxe5 28.
Ng6 Qh6 29.Qxh6 Nxh6 30.Nxf8 Bxd1 31.Ng6 Bf3 32.Nxe5 Kg7 33.Kd2 Bg2 34.Na4
c4 35.Nxc4 Bb7 36.Nc5 Bc8 37.Ne3 Kf6 38.Nd5+ Ke5 39.c4 Kd4 40.Nd3 c6 41.
N5b4 Nf7 42.Nxc6+ Ke4 43.Ne7 Be6 44.c5 Ng5 45.c6 Kd4 46.Nf4 Ke5 47.Ke3 Kd6
48.Nxe6 Nxe6 49.Nf5+ Kc5 50.a3 a5 51.Ke4 Kb6 52.Kd5 Ng5 53.Ne3 1-0

[Event "3rd Africa-ch"]
[Site "Cairo EGY"]
[Date "2001.09.19"]
[Round "4"]
[White "Rizouk, Aimen"]
[Black "Chahrani, Ibrahim"]
[Result "1-0"]
[WhiteElo "2442"]
[BlackElo "2337"]
[EventDate "2001.09.16"]
[PlyCount "62"]

1.e4 c5 2.Nf3 Nc6 3.d4 cxd4 4.Nxd4 Nf6 5.Nc3 d6 6.Be2 e5 7.Nb3 Be6 8.f4 
exf4 9.Bxf4 Be7 10.Nd4 O-O 11.Nxe6 fxe6 12.O-O Qb6+ 13.Kh1 e5 14.Bd2 Nd4 
15.Bd3 Rac8 16.Rb1 Qc6 17.Be3 a6 18.Rf2 Qd7 19.h3 Ne6 20.Qe2 g6 21.Rbf1 b5
22.a3 Nc5 23.Bh6 Nh5 24.Kh2 Rxf2 25.Qxf2 Nf4 26.Nd5 Ncxd3 27.cxd3 Qe6 28.
Bxf4 exf4 29.Qxf4 Rc2 30.Qg4 Qe5+ 31.Kh1 Qg5 1-0

[Event "3rd Africa-ch"]
[Site "Cairo EGY"]
[Date "2001.09.20"]
[Round "5"]
[White "Abdelnabbi, Imed"]
[Black "Rizouk, Aimen"]
[Result "1-0"]
[WhiteElo "2430"]
[BlackElo "2442"]
[EventDate "2001.09.16"]
[PlyCount "65"]

1.c4 e6 2.Nc3 d5 3.d4 Nf6 4.Bg5 Be7 5.e3 h6 6.Bh4 Ne4 7.Bxe7 Qxe7 8.cxd5 
Nxc3 9.bxc3 exd5 10.Qb3 Qd6 11.Ne2 Nd7 12.Nf4 Nb6 13.Bd3 O-O 14.O-O Bd7 
15.Rfc1 c5 16.Qa3 Rfc8 17.Rab1 Rc7 18.Rxb6 Qxb6 19.Nxd5 Qd6 20.Nxc7 Qxc7 
21.Be4 Re8 22.Bd5 b6 23.dxc5 bxc5 24.Rb1 Be6 25.Bxe6 Rxe6 26.Qa4 g6 27.g3 
h5 28.Rd1 Qe5 29.Qc4 Rf6 30.Rd5 Qb8 31.Qb3 Qc8 32.Qb5 Qg4 33.Qe8+ 1-0

[Event "3rd Africa-ch"]
[Site "Cairo EGY"]
[Date "2001.09.20"]
[Round "5"]
[White "Ben Nasser, Khaled"]
[Black "Nadir, Samir"]
[Result "1-0"]
[WhiteElo "2234"]
[BlackElo "2190"]
[EventDate "2001.09.16"]
[PlyCount "51"]

1.Nf3 f5 2.e4 fxe4 3.Ng5 Nf6 4.d3 e5 5.dxe4 h6 6.Nf3 Bb4+ 7.c3 Bc5 8.Nxe5 
Qe7 9.Ng6 Qxe4+ 10.Qe2 Qxe2+ 11.Bxe2 Rg8 12.O-O d6 13.b4 Bb6 14.a4 a5 15.
bxa5 Rxa5 16.Bc4 d5 17.Bd3 Bd7 18.Re1+ Kd8 19.Ba3 Re8 20.Nd2 Rxe1+ 21.Rxe1
Ng4 22.Be7+ Kc8 23.Bh4 Na6 24.Nf8 Nf6 25.Bxf6 gxf6 26.Bf5 1-0